| 000 | 00702nam a2200229Ii 4500 | ||
|---|---|---|---|
| 001 | 15230 | ||
| 003 | CO-ViMGA | ||
| 005 | 20260318200727.0 | ||
| 008 | 241108s9999||||xx |||||||||||||| ||und|| | ||
| 040 |
_aCO-ViMGA _bspa _erda _cCO-ViMGA |
||
| 041 | 0 | _aspa | |
| 082 | 0 | 4 | _a613.04 O74p |
| 110 | 1 |
_aOrganización Panamericana de la Salud _933827 |
|
| 245 | 1 | 0 | _aPlan de salud para el despeje en el departamento del Meta |
| 264 | 1 | _aBogotá, Colombia : Gobernación del Meta, 1998 | |
| 300 | _avolumen | ||
| 336 |
_atext _btxt _2rdacontent |
||
| 337 |
_aunmediated _bn _2rdamedia |
||
| 338 |
_avolume _bnc _2rdacarrier |
||
| 830 |
_aRNBP _969122 |
||
| 940 | _aidficha_siabuc: 14916. -- ficha_no_siabuc:15230 | ||
| 999 |
_c48318 _d48318 |
||